Clic Mort(e) jeune ou mort(e) vieux (vieille) (1) - Statistiques

Statistiques générales
  • Ce quiz a été pris 19 fois
  • Le résultat moyen est 3 sur 25
Statistiques - réponses
Hint Explanation Réponse % Correct
Louis XIV 76 ans
43%
Wolfgang Amadeus Mozart 35 ans
36%
Claude François 39 ans
36%
Georges Pompidou 62 ans
29%
Jeanne d'Arc Date de naissance incertaine Au moins 19 ans
29%
John Fitzgerald Kennedy 46 ans
21%
Clovis 45 ans
14%
Adolf Hitler 56 ans
14%
Joseph Staline 74 ans
14%
Charles de Gaulle 79 ans
14%
Charlemagne Date de naissance incertaine Au moins 66 ans
14%
Louis XVI 38 ans
7%
Christophe Colomb 54 ans
7%
Henri VIII d'Angleterre 55 ans
7%
Confucius 71 ans
7%
Philippe Pétain 95 ans
7%
Ramsès II Au moins 88 ans
7%
Henri III 37 ans
0%
Molière 51 ans
0%
William Shakespeare 52 ans
0%
Elisabeth d'Autriche - Sissi 60 ans
0%
Benito Mussolini 61 ans
0%
Léonard de Vinci 67 ans
0%
Gustave Eiffel 91 ans
0%
D'Artagnan Date de naissance incertaine Au moins 60 ans
0%
Aucun quiz correspondant
Distribution des résultats
% des personnes avec chaque résultat
Percentile par nombre de réponses
Votre historique - résultats
Vous n’avez pas pris ce quiz